000 00719cam a2200157 4500500
005 20260322000245.0
041 _afre
042 _adc
100 1 0 _aConfucius
_eauthor
700 1 0 _aLévi, Jean
_eauthor
700 1 0 _aPennor’s, Scott
_eauthor
245 0 0 _aEntretiens
260 _bLes Belles lettres,
_c2019.
520 _aLe Maître a dit :Qui ne connaît son lot ne saurait être un homme de bien ; qui ne connaît les rites ne saurait tenir son rang ; qui ne connaît le sens des mots ne saurait juger les hommes.Chapitre XX, Le bon roi YaoPour retrouver tous les volumes de la série, cliquez ici.
856 4 1 _uhttps://shs.cairn.info/entretiens--9782251450179?lang=fr&redirect-ssocas=7080
999 _c1704575
_d1704575